000 00446nam a2200169Ia 4500
008 160319s9999 xx 000 0 und d
020 _a9714204224
050 _bB697i 2004
100 _aBonachita, Maricel M.
245 _aIbong Adarna :
245 _bmga gawain /
245 _cMaricel M. Bonachita, Arlene A. Ramos.
260 _bTrinitas Publishing Inc, Inc.
260 _c2004
300 _a147 pages :
700 _aRamos, Arlene A.
999 _c292295
_d292295